000 00537nam a22001817a 4500
999 _c171453
_d171453
005 20200114105129.0
010 _aENG-127403
020 _a9780199487400
_c395.00
035 _aEN-110935
037 _bDBAD/PUB
082 _a346.540166
100 _aKhurshid,Salman
245 _aTriple talaq/
_cby Salman Khurshid
260 _aNew Delhi
_bOxford university press
_c2018
270 _a2/11 Ground floor,Ansari Road,Daryaganj
_bNew Delhi
_e110002
300 _a241p.
_c22cm(hb)
942 _2ddc
_cEN
_h346.540166
_mKHU